000 00378cam a2200145ua 4500
041 _aeng
_h
082 _a940.53
_bSAV/ST
100 _aSavage, Katharine .
245 _aStory of the second world war /
_cKatharine savage.
_hTextual Documents
260 _aLondon :
_bOxford University Press ,
_c1964.
300 _a230 ; .
504 _a
942 _cBK
999 _c6298
_d6298